000 00559nam a2200205Ia 4500
005 20231108114020.0
008 131103s9999 xx 000 0 und d
020 _a8170337321
_cRs. 575
040 _aLoreto College
041 _aEnglish
082 _a320.954
_bSIN
100 _aSingh, Bhupinder
245 _aAutonomy movements and Federal India
_cBhupinder Singh
260 _aJaipur and New Delhi
_bRawat Publications
_c2002
300 _a289p, 22.5cm.
504 _aIncludes index
650 _aPolitics - India
850 _aLCLIB
942 _cBK
999 _c2266
_d52745